000 00521nam a2200181Ia 4500
005 20250326141841.0
008 250326s9999 xx 000 0 und d
037 _aTextbook
040 _aFMSL
_beng
_cFMSL
041 _aeng
_2eng
084 _aX:89ZB.44 M7
_qFMSL
100 _aKotia P K
245 0 _aRole of ficial institution in regional development of India
_cKotia P K
260 _aJaipur
_bJaipur, Prateeksh
_c1987
300 _a245p
942 _cTB
_hX:89ZB.44 M7
999 _c1292281
_d1292281